| Tag |
First Indicator |
Second Indicator |
Subfields |
| LEADER |
00000cam a2200000 i 4500 |
| 001 |
in00001069813 |
| 005 |
20150929101616.0 |
| 008 |
780322s1949 xxc 001 0 eng d |
| 035 |
|
|
|a (OCoLC)03738313
|
| 035 |
|
|
|9 AFP2117AM
|
| 040 |
|
|
|a RSC
|c RSC
|d TXA
|d UtOrBLW
|
| 049 |
|
|
|a TXAM
|
| 090 |
|
|
|a BT767.3
|b .C37 1949
|
| 100 |
1 |
|
|a Carluccio, Gerard G.
|
| 245 |
1 |
4 |
|a The seven steps to spiritual perfection :
|b according to St. Gregory the Great /
|c by Gerard G. Carluccio.
|
| 264 |
|
1 |
|a [Ottawa] :
|b University of Ottawa Press,
|c 1949.
|
| 300 |
|
|
|a xv, 240 pages ;
|c 25cm.
|
| 336 |
|
|
|a text
|b txt
|2 rdacontent
|
| 337 |
|
|
|a unmediated
|b n
|2 rdamedia
|
| 338 |
|
|
|a volume
|b nc
|2 rdacarrier
|
| 490 |
0 |
|
|a Universitas Catholica Ottaviensis. Series theologica, t.3
|
| 504 |
|
|
|a Includes bibliographical references (pages 207-215) and index.
|
| 600 |
0 |
0 |
|a Gregorius I,
|c the Great, Saint, Pope,
|d 540 (ca)-604.
|
| 650 |
|
0 |
|a Gifts, Spiritual.
|
| 999 |
|
|
|a MARS
|
| 999 |
f |
f |
|s 1a636909-13de-3779-9cdc-b08af87a861d
|i 1a13b42c-5fdc-3402-a578-f7490e0b3fc8
|t 0
|
| 952 |
f |
f |
|p ric
|a Texas A&M University
|b Rellis Campus
|c Joint Library Facility
|d Remote Storage
|t 0
|e BT767.3 .C37 1949
|h Library of Congress classification
|i unmediated -- volume
|m A14815715780
|
| 998 |
f |
f |
|a BT767.3 .C37 1949
|t 0
|l Remote Storage
|